Hipnosis y sugestión / (Record no. 44576)
[ view plain ]
| 000 -CABECERA | |
|---|---|
| campo de control de longitud fija | 00594nam a2200193 a 4500 |
| 001 - NÚMERO DE CONTROL | |
| campo de control | 000045087 |
| 005 - FECHA Y HORA DE LA ÚLTIMA TRANSACCIÓN | |
| campo de control | 20201002045852.0 |
| 008 - DATOS DE LONGITUD FIJA--INFORMACIÓN GENERAL | |
| campo de control de longitud fija | 150202s1971 sp 000 0 spa d |
| 040 ## - FUENTE DE LA CATALOGACIÓN | |
| Centro catalogador/agencia de origen | DO-SdBNP |
| Lengua de catalogación | spa |
| Centro/agencia transcriptor | BNPHU |
| 082 ## - NÚMERO DE LA CLASIFICACIÓN DECIMAL DEWEY | |
| Número de clasificación | xxxx |
| Número de documento/Ítem | xxxx |
| 100 1# - ENTRADA PRINCIPAL--NOMBRE DE PERSONA | |
| Nombre de persona | Chauchard, Paul |
| 9 (RLIN) | 49394 |
| 240 10 - TÍTULO UNIFORME | |
| Título uniforme | Hypnose et suggestion. |
| 245 10 - MENCIÓN DE TÍTULO | |
| Título | Hipnosis y sugestión / |
| Mención de responsabilidad, etc. | Paul Chauchard. |
| 260 ## - PUBLICACIÓN, DISTRIBUCIÓN, ETC. | |
| Lugar de publicación, distribución, etc. | Barcelona : |
| Nombre del editor, distribuidor, etc. | Oikos-tau, |
| Fecha de publicación, distribución, etc. | 1971. |
| 300 ## - DESCRIPCIÓN FÍSICA | |
| Extensión | 126 p. ; |
| Dimensiones | 18 cm. |
| 490 1# - MENCIÓN DE SERIE | |
| Mención de serie | ¿Qué sé? |
| Designación de volumen o secuencia | 31 |
| 500 ## - NOTA GENERAL | |
| Nota general | Incluye referencias bibliográficas y notas al pie de las páginas |
| 830 #0 - PUNTO DE ACCESO ADICIONAL DE SERIE-TÍTULO UNIFORME | |
| Título uniforme | ¿Qué sé? ; |
| Número de parte o sección de la obra | 31 |
| 9 (RLIN) | 73104 |
| Estado de retiro | Estado de pérdida | Restricciones de uso | No para préstamo | Código de colección | Localización permanente | Ubicación/localización actual | Ubicación en estantería | Fecha de adquisición | Número de inventario | Total de préstamos | Signatura topográfica completa | Código de barras | Fecha visto por última vez | Precio válido a partir de | Tipo de ítem Koha | Nota pública |
|---|---|---|---|---|---|---|---|---|---|---|---|---|---|---|---|---|
| Excluido de préstamo | Monografías: Libros y Folletos | General | General | En catalogación | 02.02.2015 | LF1 | xxxx xxxx | 45087-10 | 25.06.2020 | 25.06.2020 | No se presta | Perteneció a la biblioteca personal de Carlos Larrazabal Blanco. |
